000 00608cam a2200145 4500500
005 20260208010541.0
041 _afre
042 _adc
100 1 0 _aGabaude, Jean-Marc
_eauthor
245 0 0 _aEvanghélos Moutsopoulos, Variations sur le thème du kairos de Socrate à Denys, Paris, Institutions philosophiques réunies - Vrin, 2002, 208 p.
260 _c2005.
500 _a38
786 0 _nRevue philosophique de la France et de l'étranger | 130 | 1 | 2005-03-01 | p. 77zr-130zr | 0035-3833
856 4 1 _uhttps://shs.cairn.info/revue-philosophique-2005-1-page-77zr?lang=fr&redirect-ssocas=7080
999 _c1657083
_d1657083